000 00459nam a2200157 i 4500
001 129147
003 ES-MaACL
005 20230906193439.0
007 t|
008 070607s1951 sp ||||1| spa d
100 1 _aTendero Huertas, Enrique.
_9109694
245 1 0 _aHilos de plata
_b: poesías /
_cEnrique Tendero Huertas.
260 _aGranada :
_b[s.n.],
_c1951 (
_eImp. Hita)
300 _a4 h., 623 p. ;
_c17 cm.
852 _aES-MaACL
_j1938-F-9
_bR.31423
999 _c129147
_d129147